[Event "Russian Championship B15 2016"]
[Site "Loo"]
[Date "2016.04.22"]
[Round "3.21"]
[White "Timoshkin, Aleksandr"]
[Black "Gasanov, Zaur"]
[Result "1-0"]
[WhiteElo "1758"]
[BlackElo "2148"]
[PlyCount "95"]
[EventDate "2016.04.20"]

1. d4 Nf6 2. Nf3 g6 3. c3 Bg7 4. Bg5 O-O 5. e3 d6 6. Bd3 Qe8 7. O-O e5 8. dxe5
dxe5 9. Bc2 Nc6 10. Nbd2 Be6 11. Qe2 h6 12. Bh4 Nh5 13. Ne1 f5 14. f3 Qf7 15.
Bb3 Rfe8 16. Nd3 Bf8 17. Bxe6 Qxe6 18. e4 f4 19. Nb3 b6 20. Rad1 a5 21. Rd2 a4
22. Nbc1 Na5 23. Nb4 Nc4 24. Rd3 Ne3 25. Re1 c6 26. Bf2 Bc5 27. Nc2 Rf8 28. Kh1
Qf6 29. Nxe3 fxe3 30. Bxe3 Qh4 31. Qd2 Bxe3 32. Qxe3 Rf4 33. Rd6 Raf8 34. Nd3
g5 35. Nxf4 exf4 36. Qd2 Ng7 37. Rd1 Kh7 38. Rd8 Rf6 39. e5 Rg6 40. Rd6 Nf5 41.
Rxg6 Kxg6 42. Qd8 Ng3+ 43. Kg1 Ne2+ 44. Kf1 Qxh2 45. Rd6+ Kh5 46. Qe8+ Kh4 47.
Rxh6+ Kg3 48. Rxh2 1-0

[Event "Russian Championship B15 2016"]
[Site "Loo"]
[Date "2016.04.22"]
[Round "3.22"]
[White "Moiseev, Danila"]
[Black "Danilchenko, Dmitrij"]
[Result "0-1"]
[WhiteElo "2135"]
[BlackElo "1815"]
[PlyCount "124"]
[EventDate "2016.04.20"]

1. e4 e6 2. b3 d5 3. Bb2 Nf6 4. exd5 exd5 5. Nf3 Bd6 6. Bd3 O-O 7. O-O Bg4 8.
Re1 Nbd7 9. Be2 c6 10. Nd4 Bxe2 11. Rxe2 Qc7 12. g3 Rae8 13. d3 Rxe2 14. Qxe2
Re8 15. Qf1 Be5 16. f4 Bd6 17. Nd2 Qa5 18. N2f3 Ba3 19. Bxa3 Qxa3 20. Re1 Rxe1
21. Qxe1 Qxa2 22. Qe7 h6 23. g4 Qa1+ 24. Kg2 c5 25. Nf5 Qd1 26. g5 Qxc2+ 27.
Kg3 hxg5 28. Qd8+ Nf8 29. Ne7+ Kh7 30. Nxg5+ Kh6 31. Qxf8 Nh5+ 32. Kg4 Qe2+ 33.
Kf5 Qxd3+ 34. Ke5 Qd4+ 35. Kd6 Qxf4+ 36. Kxc5 Kxg5 37. Nxd5 Qc1+ 38. Kd6 Qa3+
39. b4 Qa6+ 40. Kc5 Qc6+ 41. Kd4 Qd7 42. Qb8 Nf6 43. Qf4+ Kg6 44. Qg3+ Qg4+ 45.
Qxg4+ Nxg4 46. h3 Nf2 47. Nc7 Nxh3 48. Nb5 a6 49. Nd6 b6 50. Nc4 b5 51. Ne5+
Kf6 52. Nd7+ Ke7 53. Nc5 Kd6 54. Nxa6 Kc6 55. Nb8+ Kc7 56. Na6+ Kb6 57. Nc5 Nf4
58. Nd7+ Kc7 59. Ne5 f6 60. Nf3 Kd6 61. Nd2 Ne6+ 62. Ke4 g6 0-1

[Event "Russian Championship B15 2016"]
[Site "Loo"]
[Date "2016.04.22"]
[Round "3.23"]
[White "Shchukin, Maksim"]
[Black "Levdansky, Alexey"]
[Result "1-0"]
[WhiteElo "1891"]
[BlackElo "1962"]
[PlyCount "59"]
[EventDate "2016.04.20"]

1. e4 c5 2. Nf3 Nc6 3. d4 cxd4 4. Nxd4 Nf6 5. Nc3 g6 6. Be3 Bg7 7. Bc4 O-O 8.
Bb3 d6 9. f3 a5 10. a4 Ne5 11. Qd2 b6 12. O-O-O Ba6 13. h4 h5 14. Ndb5 Rc8 15.
Qf2 Nfd7 16. Kb1 Nc5 17. Rhg1 Qd7 18. Bd4 Bxb5 19. Nxb5 Nc6 20. Bxg7 Kxg7 21.
Qe2 Nb4 22. g4 hxg4 23. fxg4 Nxb3 24. cxb3 Rc2 25. Qe3 Qc8 26. Nd4 e5 27. Nf5+
gxf5 28. Qg5+ Kh7 29. Qh5+ Kg7 30. gxf5+ 1-0

[Event "Russian Championship B15 2016"]
[Site "Loo"]
[Date "2016.04.22"]
[Round "3.25"]
[White "Balanda, Maksim"]
[Black "Shoboev, Dandar"]
[Result "0-1"]
[WhiteElo "1615"]
[BlackElo "1846"]
[PlyCount "74"]
[EventDate "2016.04.20"]

1. d4 Nf6 2. Nf3 e6 3. e3 d5 4. Bd3 c5 5. dxc5 Bxc5 6. Nbd2 Nc6 7. c3 e5 8. Be2
O-O 9. O-O Bf5 10. b4 Bd6 11. Bb2 e4 12. Nh4 Be6 13. g3 Ne5 14. Ng2 Bg4 15.
Bxg4 Nfxg4 16. h3 Nf6 17. Nf4 Rc8 18. a3 Qd7 19. Kg2 Rfd8 20. Qe2 Nc4 21. Nxd5
Nxb2 22. Nxf6+ gxf6 23. Nxe4 Qc6 24. f3 Nc4 25. Nxf6+ Kh8 26. Ne4 Bc7 27. Ra2
b5 28. a4 Bb6 29. axb5 Qxb5 30. Kh2 Qe5 31. Rd1 Nxe3 32. Rxd8+ Rxd8 33. c4 Bd4
34. Ra5 Qe7 35. Qd3 Bb6 36. Qc3+ Bd4 37. Qd3 f5 {далее запись неразбор~~ива}
0-1

[Event "Russian Championship B15 2016"]
[Site "Loo"]
[Date "2016.04.22"]
[Round "3.26"]
[White "Koren, Vladimir"]
[Black "Khroni, Nikita"]
[Result "1/2-1/2"]
[WhiteElo "1826"]
[BlackElo "1688"]
[PlyCount "177"]
[EventDate "2016.04.20"]

1. e4 c5 2. c3 e6 3. d4 cxd4 4. cxd4 Nf6 5. Nc3 Bb4 6. Bd3 Nc6 7. Nf3 d5 8. e5
Nd7 9. O-O a6 10. a3 Be7 11. Qc2 f5 12. b4 Nb6 13. Na4 Nxa4 14. Qxa4 Bd7 15.
Qb3 Qb6 16. Be3 O-O 17. Rac1 Rac8 18. g3 h6 19. h4 Rc7 20. Rc2 Rfc8 21. Rfc1
Na5 22. Qa2 Rxc2 23. Rxc2 Rxc2 24. Qxc2 Nc6 25. Qc1 Bf8 26. Kg2 Na7 27. Nd2 a5
28. bxa5 Qxa5 29. Nb1 Nb5 30. Bxb5 Qxb5 31. Qc7 Qc6 32. Qxc6 Bxc6 33. Bd2 Kf7
34. Bb4 Bxb4 35. axb4 Ke7 36. Nc3 Kd8 37. Kf3 Be8 38. Kf4 g6 39. f3 Ke7 40. g4
b6 41. Ne2 Bb5 42. Ng3 Be8 43. Ke3 Kf8 44. Ne2 Kg7 45. Nf4 Bf7 46. Kf2 Kh7 47.
Kg3 g5 48. hxg5 hxg5 49. Ne2 f4+ 50. Kf2 Be8 51. b5 Bxb5 52. Nc3 Bc4 53. Ke1 b5
54. Kd2 b4 55. Na4 Kg7 56. Nc5 Kf7 57. Nd3 b3 58. Kc3 b2 59. Nxb2 Be2 60. Nd3
Bxf3 61. Nf2 Kg6 62. Kd3 Be4+ 63. Kc3 Bf5 64. gxf5+ Kxf5 65. Kd3 g4 66. Ke2 g3
67. Nh3 Ke4 68. Ng5+ Kxd4 69. Kf3 Kxe5 70. Nh3 g2 71. Kxg2 Kf5 72. Kf3 e5 73.
Nf2 e4+ 74. Ke2 d4 75. Nd1 f3+ 76. Ke1 Kf4 77. Nb2 Kg3 78. Kf1 f2 79. Nd3 e3
80. Ke2 Kg2 81. Nf4+ Kg3 82. Nd3 Kg2 83. Nf4+ Kg1 84. Nh3+ Kg2 85. Nf4+ Kh2 86.
Kf1 Kg3 87. Ne2+ Kf3 88. Nxd4+ Ke4 89. Ne2 1/2-1/2

[Event "Russian Championship B15 2016"]
[Site "Loo"]
[Date "2016.04.22"]
[Round "3.27"]
[White "Novikov, Kirill"]
[Black "Romadov, Dmitriy"]
[Result "1/2-1/2"]
[WhiteElo "1814"]
[BlackElo "1533"]
[PlyCount "115"]
[EventDate "2016.04.20"]

1. e4 c5 2. Nf3 Nc6 3. Nc3 d6 4. Bb5 Nf6 5. Bxc6+ bxc6 6. O-O Bg4 7. h3 Bh5 8.
d3 e6 9. Re1 Qc7 10. b3 Be7 11. Ba3 O-O 12. g4 Nxg4 13. hxg4 Bxg4 14. Kg2 f5
15. e5 dxe5 16. Qd2 Bxf3+ 17. Kxf3 e4+ 18. Ke2 exd3+ 19. cxd3 Bf6 20. Rac1 h6
21. Kd1 Bg5 22. Qe2 Bxc1 23. Qxe6+ Qf7 24. Kxc1 Rfe8 25. Qxf7+ Kxf7 26. Rxe8
Rxe8 27. Kd2 h5 28. Bxc5 h4 29. f4 h3 30. Bg1 Re6 31. Bh2 Rg6 32. Ne2 Rg2 33.
Bg3 h2 34. Bxh2 Rxh2 35. Ke3 g6 36. a4 Ke6 37. b4 a6 38. Nd4+ Kd5 39. Ne2 Rh3+
40. Kd2 Rf3 41. Nc3+ Ke6 42. Ne2 Kf6 43. Kc3 g5 44. fxg5+ Kxg5 45. Nd4 Rf1 46.
Kd2 Ra1 47. a5 f4 48. Nxc6 Kg4 49. Ne5+ Kg3 50. Kc3 f3 51. Nxf3 Kxf3 52. Kd4
Rd1 53. Kc5 Rxd3 54. b5 axb5 55. Kxb5 Rb3+ 56. Kc6 Ra3 57. Kb6 Rxa5 58. Kxa5
1/2-1/2

[Event "Russian Championship B15 2016"]
[Site "Loo"]
[Date "2016.04.22"]
[Round "3.28"]
[White "Kokuev, Iljya"]
[Black "Dyurmenov, Beslan"]
[Result "0-1"]
[WhiteElo "1446"]
[BlackElo "1757"]
[PlyCount "80"]
[EventDate "2016.04.20"]

1. e4 e6 2. d4 d5 3. Nc3 c6 4. Nf3 f5 5. exf5 exf5 6. Be2 Nf6 7. O-O Bd6 8. Bd2
O-O 9. Ne5 Nbd7 10. f4 Qb6 11. Bc1 Nxe5 12. fxe5 Bxe5 13. Be3 Bb8 14. a3 Qc7
15. Bf4 Qe7 16. Bg5 Qd6 17. Bf4 Qe6 18. Bd3 Bxf4 19. Rxf4 Qe3+ 20. Rf2 Ng4 21.
Qf3 Qxf2+ 22. Qxf2 Nxf2 23. Kxf2 Bd7 24. Na4 b6 25. h3 Rae8 26. Nc3 f4 27. Ne2
Bf5 28. Nc1 Bxd3 29. Nxd3 Re4 30. c3 Rfe8 31. Ne5 R8xe5 32. dxe5 Rxe5 33. Kf3
g5 34. Rg1 Kg7 35. g3 Re3+ 36. Kf2 Rxg3 37. Rxg3 fxg3+ 38. Kxg3 h5 39. a4 a5
40. b3 c5 0-1

[Event "Russian Championship B17 1st league 2016"]
[Site "Loo"]
[Date "2016.04.22"]
[Round "3.1"]
[White "Karpenko, Artem"]
[Black "Kolmagorov, Alexey"]
[Result "1-0"]
[WhiteElo "2324"]
[BlackElo "2037"]
[PlyCount "65"]
[EventDate "2016.04.20"]

1. d4 Nf6 2. c4 e6 3. g3 Bb4+ 4. Nd2 d5 5. Bg2 O-O 6. Ngf3 dxc4 7. Qc2 c5 8.
Qxc4 Nc6 9. dxc5 Qe7 10. a3 Bxc5 11. b4 Bb6 12. Bb2 Bd7 13. O-O Rac8 14. Qh4
Nd5 15. Qh5 Rfd8 16. Nc4 Be8 17. Nxb6 Nxb6 18. Rac1 f6 19. Qh4 Bf7 20. b5 Na5
21. Ne5 Rxc1 22. Rxc1 Nb3 23. Be4 h6 24. Rc2 Be8 25. Ng4 Nd5 26. Bxd5 Rxd5 27.
Bxf6 Rd1+ 28. Kg2 gxf6 29. Qxh6 f5 30. Nf6+ Kf7 31. Nh5 Kg8 32. Rc8 Rd7 33.
Rxe8+ 1-0

[Event "Russian Championship B17 1st league 2016"]
[Site "Loo"]
[Date "2016.04.22"]
[Round "3.2"]
[White "Makarenko, Aleksandr"]
[Black "Goltsev, Dmitry"]
[Result "1-0"]
[WhiteElo "1987"]
[BlackElo "2169"]
[PlyCount "57"]
[EventDate "2016.04.20"]

1. d4 Nf6 2. Nf3 e6 3. Bf4 b6 4. e3 Nh5 5. Bg5 Nf6 6. Bd3 h6 7. Bh4 Bb7 8. Nbd2
d5 9. Ne5 Be7 10. O-O O-O 11. f4 c5 12. c3 Nfd7 13. Bxe7 Qxe7 14. Rf3 Nxe5 15.
fxe5 Nd7 16. Rg3 f5 17. Qh5 Kh8 18. Nf3 Qe8 19. Rg6 Rf7 20. Rxe6 Qxe6 21. Ng5
Qe8 22. Nxf7+ Kg8 23. Bxf5 Nxe5 24. dxe5 Qxf7 25. Bh7+ Kf8 26. Rf1 Qxf1+ 27.
Kxf1 Ke7 28. Bf5 Rf8 29. Qg6 1-0

[Event "Russian Championship B17 1st league 2016"]
[Site "Loo"]
[Date "2016.04.22"]
[Round "3.3"]
[White "Nerushev, Arseniy"]
[Black "Postnikov, Artem"]
[Result "0-1"]
[WhiteElo "1982"]
[BlackElo "2147"]
[PlyCount "74"]
[EventDate "2016.04.20"]

1. Nf3 d5 2. g3 Nf6 3. Bg2 c5 4. c4 d4 5. b4 cxb4 6. a3 b3 7. d3 a5 8. a4 Nc6
9. Ba3 g6 10. Nbd2 Bg7 11. Nxb3 O-O 12. Bc5 Ne8 13. O-O Nc7 14. Bb6 Ra6 15. c5
Qd7 16. Nfd2 Nd5 17. Nc4 Qe6 18. Qd2 Nc3 19. Nbxa5 Nxa5 20. Bxa5 Nxe2+ 21. Kh1
Nc3 22. Bxc3 dxc3 23. Qe3 Qd7 24. Nb6 Qd8 25. Nxc8 Qxc8 26. d4 Rd8 27. d5 Qd7
28. Rab1 Bf6 29. d6 exd6 30. Rxb7 Qe6 31. c6 Rc8 32. Qxe6 fxe6 33. c7 d5 34.
Rb8 Ra8 35. Rfb1 c2 36. Rc1 Rcxb8 37. cxb8=Q+ Rxb8 0-1

[Event "Russian Championship B17 1st league 2016"]
[Site "Loo"]
[Date "2016.04.22"]
[Round "3.4"]
[White "Gitelson, Arkady"]
[Black "Smorchkov, Danil"]
[Result "1/2-1/2"]
[WhiteElo "2123"]
[BlackElo "2017"]
[PlyCount "112"]
[EventDate "2016.04.20"]

1. Nf3 d5 2. g3 Nf6 3. Bg2 c6 4. O-O Bg4 5. d4 Nbd7 6. Nbd2 e6 7. Re1 Be7 8. e4
dxe4 9. Nxe4 Nxe4 10. Rxe4 Nf6 11. Re1 O-O 12. c3 c5 13. Qb3 Bxf3 14. Bxf3 Rb8
15. dxc5 Bxc5 16. Bf4 Rc8 17. Bxb7 Ng4 18. Rf1 e5 19. Bxc8 Qxc8 20. Be3 Nxe3
21. fxe3 Bxe3+ 22. Kg2 Qc6+ 23. Rf3 Bb6 24. Raf1 h6 25. h4 Kh8 26. Kh2 f6 27.
Rd3 e4 28. Qd5 Qe8 29. Rd2 e3 30. Re2 Rf7 31. Rd1 Re7 32. c4 Re5 33. Qf3 Re4
34. b3 Bd4 35. Rxd4 Rxd4 36. Qxe3 Qxe3 37. Rxe3 Rd2+ 38. Kg1 Rxa2 39. Rc3 Ra6
40. c5 Rc6 41. b4 a6 42. Kf2 Kg8 43. Ke3 Kf7 44. Kd4 Ke7 45. Kd5 Re6 46. c6
Re5+ 47. Kd4 Kd8 48. Ra3 Rb5 49. Rxa6 Rxb4+ 50. Kc5 Rg4 51. Ra8+ Kc7 52. Ra7+
Kc8 53. Kd6 Rd4+ 54. Ke6 Rg4 55. Kd6 Rd4+ 56. Ke6 Rg4 1/2-1/2

[Event "Russian Championship B17 1st league 2016"]
[Site "Loo"]
[Date "2016.04.22"]
[Round "3.5"]
[White "Indzhiev, Aldar"]
[Black "Ovsyanyuk, Dmitriy"]
[Result "0-1"]
[WhiteElo "2081"]
[BlackElo "1928"]
[PlyCount "82"]
[EventDate "2016.04.20"]

1. d4 d5 2. Bg5 h6 3. Bh4 c6 4. Nc3 Bf5 5. e3 Qb6 6. Rb1 Nd7 7. Nf3 e6 8. Bd3
Bxd3 9. Qxd3 Be7 10. Bxe7 Nxe7 11. O-O c5 12. e4 dxe4 13. Nxe4 O-O 14. Rfd1
Rfd8 15. Qa3 Nf5 16. dxc5 Qc6 17. Re1 Nf6 18. Nxf6+ gxf6 19. Rbd1 Rd5 20. b4 e5
21. Rxd5 Qxd5 22. Qb3 Qc6 23. Rd1 a5 24. a3 axb4 25. axb4 Qe4 26. h3 Ng7 27. c3
Ne6 28. Qd5 Qc2 29. Qd2 Qb3 30. Qd5 Qxc3 31. Qxb7 Ra4 32. Qe7 Kg7 33. Rd7 Ng5
34. Kh2 Qxb4 35. Rd8 Qf4+ 36. Kh1 Ra1+ 37. Ng1 Qxf2 38. Qf8+ Kg6 39. Qg8+ Kh5
40. g4+ Kh4 41. Rd1 Rxd1 0-1

[Event "Russian Championship B17 1st league 2016"]
[Site "Loo"]
[Date "2016.04.22"]
[Round "3.6"]
[White "Isagov, Nariman"]
[Black "Poltoratskiy, Aleksandr"]
[Result "1/2-1/2"]
[WhiteElo "2057"]
[BlackElo "1798"]
[PlyCount "56"]
[EventDate "2016.04.20"]

1. d4 d5 2. c4 c6 3. Nf3 Nf6 4. g3 Bf5 5. Bg2 e6 6. O-O Bd6 7. Nc3 Nbd7 8. Re1
O-O 9. Nh4 Bg6 10. Nxg6 hxg6 11. Bg5 dxc4 12. a4 a5 13. e4 Be7 14. Qc2 Re8 15.
Rad1 Rc8 16. h3 Qb6 17. Be3 Qc7 18. f4 Bb4 19. Kh2 Nb6 20. Re2 Rcd8 21. Bf2 Rd7
22. Bf3 c5 23. dxc5 Bxc5 24. Nb5 Qc8 25. Na7 Qc7 26. Nb5 Qc8 27. Na7 Qc7 28.
Nb5 Qc8 1/2-1/2

[Event "Russian Championship B17 1st league 2016"]
[Site "Loo"]
[Date "2016.04.22"]
[Round "3.7"]
[White "Ofitserian, Boris"]
[Black "Nakonechny, Ignat"]
[Result "1-0"]
[WhiteElo "2313"]
[BlackElo "1857"]
[PlyCount "107"]
[EventDate "2016.04.20"]

1. d4 Nf6 2. c4 g6 3. Nf3 Bg7 4. g3 c6 5. Bg2 d6 6. O-O O-O 7. Nc3 Qc7 8. e4 e5
9. h3 Nbd7 10. Re1 a6 11. a4 a5 12. Be3 Nh5 13. Rc1 Re8 14. Qd2 exd4 15. Nxd4
Nc5 16. Rcd1 Qb6 17. g4 Nf6 18. Bf4 Be6 19. Nxe6 Rxe6 20. Bxd6 Nb3 21. Qf4 Ne8
22. e5 Nxd6 23. exd6 Rxe1+ 24. Rxe1 Nd4 25. d7 Ne6 26. Qd6 Bf8 27. Qd2 Rd8 28.
Ne4 Bg7 29. g5 Qb4 30. Qxb4 axb4 31. Nc5 Kf8 32. Rxe6 fxe6 33. Nxe6+ Ke7 34.
Nxd8 Kxd8 35. b3 Kxd7 36. f4 Ke6 37. Be4 Bd4+ 38. Kg2 Bb6 39. Kf3 Bd8 40. h4
Bc7 41. Bd3 Bb6 42. Bf1 Bc7 43. Bh3+ Ke7 44. Bc8 b6 45. Ke4 Bd6 46. Bg4 Bc7 47.
h5 Bd8 48. h6 Kd6 49. Bc8 Be7 50. Kd4 Bd8 51. Bg4 Be7 52. Bf3 Bd8 53. Be4 c5+
54. Ke3 1-0

[Event "Russian Championship B17 1st league 2016"]
[Site "Loo"]
[Date "2016.04.22"]
[Round "3.8"]
[White "Shkurkin, Andrey"]
[Black "Tchebalkin, Evgeny"]
[Result "1-0"]
[WhiteElo "2255"]
[BlackElo "1945"]
[PlyCount "95"]
[EventDate "2016.04.20"]

1. d4 Nf6 2. c4 e6 3. g3 d5 4. Bg2 Bd7 5. Nf3 dxc4 6. Ne5 Bc6 7. Nxc6 Nxc6 8.
e3 Qd7 9. O-O Nd5 10. e4 Nb6 11. Be3 O-O-O 12. d5 exd5 13. Bxb6 axb6 14. exd5
Nb4 15. Nc3 Bd6 16. a3 Nd3 17. b3 Ne5 18. a4 Kb8 19. a5 bxa5 20. Qd4 b6 21.
Rfb1 Qg4 22. Qe3 Nd3 23. bxc4 Nb4 24. Na4 Rhe8 25. Qc1 Re2 26. c5 Rc2 27. Qe3
Bxc5 28. Nxc5 Rxc5 29. d6 cxd6 30. Qe7 Qd7 31. Qe4 d5 32. Qe5+ Qc7 33. Qxg7 f5
34. Qb2 Rc2 35. Qa3 Qc5 36. Qf3 Re8 37. Re1 Rxe1+ 38. Rxe1 Nc6 39. Qxf5 Kb7 40.
Bxd5 Rc1 41. Qd7+ Ka6 42. Qc8+ Kb5 43. Bxc6+ Qxc6 44. Rxc1 Qxc8 45. Rxc8 a4 46.
f4 a3 47. f5 a2 48. Ra8 1-0

[Event "Russian Championship B17 1st league 2016"]
[Site "Loo"]
[Date "2016.04.22"]
[Round "3.9"]
[White "Veklich, Igor"]
[Black "Levenshtein, Mark"]
[Result "1-0"]
[WhiteElo "1914"]
[BlackElo "2062"]
[PlyCount "89"]
[EventDate "2016.04.20"]

1. e4 c6 2. d4 d5 3. Nd2 dxe4 4. Nxe4 Bf5 5. Ng3 Bg6 6. Nh3 h6 7. Nf4 Bh7 8.
Bc4 Nf6 9. O-O Nbd7 10. Re1 Nb6 11. Bb3 Nbd5 12. Nxd5 Nxd5 13. c4 Nf6 14. d5
Qc7 15. Qf3 O-O-O 16. Bf4 Qb6 17. c5 Qb5 18. dxc6 bxc6 19. a4 Qb7 20. Bxf7 Bg8
21. Be6+ Bxe6 22. Rxe6 Rd5 23. b4 Kd7 24. Rae1 Qxb4 25. Nf1 g5 26. Qh3 g4 27.
Qe3 Qxc5 28. Qb3 Qb6 29. Qe3 Qc5 30. Qb3 Qb6 31. Qe3 Qb4 32. Rxf6 Qxe1 33. Qxe1
exf6 34. Qb1 Bd6 35. Qb7+ Ke6 36. Qxc6 Rb8 37. Bxd6 Rxd6 38. Qc4+ Kd7 39. Qxg4+
Kc6 40. Qc4+ Kd7 41. g3 Rb1 42. Kg2 a6 43. Ne3 Rb2 44. Qf7+ Kc6 45. Nc4 1-0

[Event "Russian Championship B17 1st league 2016"]
[Site "Loo"]
[Date "2016.04.22"]
[Round "3.10"]
[White "Spiridonov, Evgeny"]
[Black "Maximov, Kirill"]
[Result "1-0"]
[WhiteElo "2057"]
[BlackElo "1844"]
[PlyCount "75"]
[EventDate "2016.04.20"]

1. d4 Nf6 2. c4 e6 3. Nf3 Bb4+ 4. Bd2 Bxd2+ 5. Nbxd2 d5 6. e3 O-O 7. Bd3 b6 8.
cxd5 exd5 9. Ne5 Bb7 10. Qc2 Nbd7 11. Bf5 g6 12. Bh3 Nxe5 13. dxe5 Ne4 14. O-O
Nxd2 15. Qxd2 Qe7 16. Qc3 c5 17. Rad1 Rad8 18. Rfe1 f5 19. g3 Qe6 20. Bg2 Rd7
21. Rd2 Rfd8 22. Red1 Kf7 23. f4 Qc6 24. h3 b5 25. g4 Ke6 26. Qc2 Qb6 27. Kh2
c4 28. Rd4 a5 29. Qd2 Bc6 30. gxf5+ gxf5 31. h4 Qc5 32. Bh3 Rf8 33. e4 Ke7 34.
exf5 Ke8 35. f6 Rb7 36. Bg4 b4 37. Bh5+ Kd8 38. Qe3 1-0

[Event "Russian Championship B17 1st league 2016"]
[Site "Loo"]
[Date "2016.04.22"]
[Round "3.11"]
[White "Tyatyushkin, Danil"]
[Black "Privorotsky, Oleg"]
[Result "0-1"]
[WhiteElo "2028"]
[BlackElo "1954"]
[PlyCount "52"]
[EventDate "2016.04.20"]

1. e4 c5 2. c3 Nf6 3. e5 Nd5 4. d4 cxd4 5. Nf3 Nc6 6. Bc4 Nb6 7. Bb3 d5 8. exd6
Qxd6 9. O-O Be6 10. Bxe6 Qxe6 11. Nxd4 Nxd4 12. Qxd4 Rd8 13. Qh4 Qe2 14. Nd2 e5
15. Nf3 Be7 16. Qg3 Rd1 17. Be3 Rxa1 18. Rxa1 Qxb2 19. Rd1 O-O 20. Qxe5 Bf6 21.
Qc7 Nd5 22. Qa5 Nxc3 23. Re1 Ne2+ 24. Kf1 Bc3 25. Rxe2 Qa1+ 26. Re1 Qxe1+ 0-1

[Event "Russian Championship B17 1st league 2016"]
[Site "Loo"]
[Date "2016.04.22"]
[Round "3.12"]
[White "Dmitriev, Maksim"]
[Black "Kirillov, Konstantin"]
[Result "1-0"]
[WhiteElo "1919"]
[BlackElo "2002"]
[PlyCount "175"]
[EventDate "2016.04.20"]

1. d4 Nf6 2. Nc3 d5 3. Bg5 Bf5 4. Bxf6 gxf6 5. e3 e6 6. Bd3 Bxd3 7. Qxd3 Nc6 8.
Nge2 Qd7 9. O-O-O O-O-O 10. h3 Kb8 11. Kb1 Na5 12. Qb5 Qxb5 13. Nxb5 c6 14.
Nbc3 Bd6 15. Rdg1 Rdg8 16. b3 a6 17. Na4 Kc7 18. c3 b6 19. Nb2 c5 20. Nd3 c4
21. Ndc1 Kd7 22. g4 h5 23. f3 hxg4 24. hxg4 b5 25. Kb2 b4 26. cxb4 Bxb4 27. Rh5
Bd2 28. e4 Rxh5 29. gxh5 Rxg1 30. Nxg1 Nc6 31. Nge2 Ne7 32. bxc4 dxc4 33. Kc2
Bh6 34. Kc3 f5 35. Kxc4 fxe4 36. fxe4 f5 37. Nd3 fxe4 38. Nc5+ Kc6 39. Nxe4 Nf5
40. Nf6 Bg5 41. Ng4 Kd6 42. Nc3 Kc6 43. Ne4 Bc1 44. Nc5 Nd6+ 45. Kd3 e5 46.
Nxe5+ Kd5 47. Nxa6 Nf5 48. Ng4 Nxd4 49. h6 Bxh6 50. Nxh6 Nb5 51. Nf5 Na7 52.
Nd4 Nc8 53. Nb3 Nb6 54. Nb4+ Ke5 55. Nd2 Ke6 56. Nc4 Na4 57. Kd4 Kd7 58. Nd3
Kc6 59. Ndb2 Nc5 60. Kc3 Kb5 61. Nd2 Ne6 62. Nb3 Nf4 63. Nd4+ Ka5 64. Kb3 Nd5
65. Nc4+ Ka6 66. Nc2 Kb5 67. N4e3 Nb6 68. Nd1 Ka5 69. Nc3 Nd7 70. Ne4 Ne5 71.
Ne3 Nd3 72. Nc4+ Kb5 73. a4+ Ka6 74. Kc3 Nf4 75. Kd4 Ne2+ 76. Kd5 Nf4+ 77. Kc6
Ka7 78. Nc5 Ne2 79. Ne5 Nc3 80. a5 Na2 81. Kc7 Nc3 82. Kc8 Nb5 83. Kd7 Na3 84.
Nc6+ Ka8 85. Ne6 Nc4 86. a6 Nb6+ 87. Ke8 Nd5 88. Kd8 1-0

[Event "Russian Championship B17 1st league 2016"]
[Site "Loo"]
[Date "2016.04.22"]
[Round "3.13"]
[White "Tsukhaev, Isa"]
[Black "Valov, Eugeny"]
[Result "0-1"]
[WhiteElo "1723"]
[BlackElo "1970"]
[PlyCount "120"]
[EventDate "2016.04.20"]

1. e4 c5 2. Nf3 d6 3. d4 cxd4 4. Nxd4 Nf6 5. Nc3 a6 6. f4 e6 7. Be3 Qc7 8. Be2
b5 9. a3 Bb7 10. Bf3 Nbd7 11. O-O Nc5 12. e5 dxe5 13. fxe5 Qxe5 14. Bf4 Bxf3
15. Rxf3 Qh5 16. Nc6 Nce4 17. Nxe4 Nxe4 18. b4 Rc8 19. Na7 Rc3 20. Qd4 Rxf3 21.
gxf3 Qxf3 22. Rd1 Qg4+ 23. Bg3 Bd6 24. Nc8 O-O 25. Nxd6 Rd8 26. Re1 f5 27. Qe5
Rxd6 28. Rxe4 Rd1+ 29. Re1 Rxe1+ 30. Qxe1 f4 31. Qe4 Qd1+ 32. Be1 Qg4+ 33. Kh1
Kf7 34. Qg2 Qd1 35. Qd2 Qf3+ 36. Kg1 h5 37. Qd7+ Kf6 38. Qd4+ e5 39. Qd8+ Kf5
40. Qd3+ Qxd3 41. cxd3 e4 42. dxe4+ Kxe4 43. Bh4 Kf5 44. h3 g5 45. Be1 Ke4 46.
h4 g4 47. Kg2 Kd3 48. Bf2 Kc3 49. Bc5 Kb3 50. Kf2 Kxa3 51. Ke2 Ka4 52. Bd6 f3+
53. Kd1 a5 54. bxa5 Kxa5 55. Bg3 Kb4 56. Kc2 Kc4 57. Bf2 b4 58. Bg3 b3+ 59. Kb2
Kd3 60. Kxb3 Ke2 0-1

[Event "Russian Championship B17 1st league 2016"]
[Site "Loo"]
[Date "2016.04.22"]
[Round "3.14"]
[White "Voinikonis, Nikita"]
[Black "Veligjanin, Andrey"]
[Result "1-0"]
[WhiteElo "2168"]
[BlackElo "1922"]
[PlyCount "73"]
[EventDate "2016.04.20"]

1. e4 d6 2. d4 Nf6 3. Nc3 c6 4. Nf3 Bg4 5. h3 Bh5 6. Qe2 e6 7. g4 Bg6 8. g5
Nfd7 9. Bf4 e5 10. dxe5 dxe5 11. Nxe5 Nxe5 12. Bxe5 Qxg5 13. Bd4 Bh5 14. Qe3
Qxe3+ 15. Bxe3 Nd7 16. Be2 Bxe2 17. Kxe2 Bc5 18. Rad1 Bxe3 19. Kxe3 Rd8 20. f4
Ke7 21. b3 Nc5 22. b4 Ne6 23. Rd3 g5 24. fxg5 Nxg5 25. Na4 Rxd3+ 26. cxd3 a5
27. bxa5 Ra8 28. Rb1 Rxa5 29. Rxb7+ Kf6 30. Nc3 Rc5 31. Rb3 Nxh3 32. d4 Rg5 33.
Rb6 Rg3+ 34. Kd2 Ng5 35. Rxc6+ Ke7 36. Rc5 Rxc3 37. Re5+ 1-0

[Event "Russian Championship B17 1st league 2016"]
[Site "Loo"]
[Date "2016.04.22"]
[Round "3.15"]
[White "Khmelev, Mikhail"]
[Black "Vasilenok, Anton"]
[Result "0-1"]
[WhiteElo "1917"]
[BlackElo "2159"]
[PlyCount "118"]
[EventDate "2016.04.20"]

1. e4 c5 2. Nf3 d6 3. d4 cxd4 4. Nxd4 Nf6 5. Nc3 a6 6. h3 e5 7. Nde2 Be7 8. g4
Be6 9. Bg2 O-O 10. Be3 Nbd7 11. Ng3 b5 12. O-O Nb6 13. Nd5 Bxd5 14. exd5 Nc4
15. b3 Nxe3 16. fxe3 Nd7 17. Qe2 Rc8 18. a4 b4 19. Be4 a5 20. Kg2 g6 21. Bd3
Nb6 22. Qf3 Rc5 23. Ne4 Rc7 24. Nd2 Qa8 25. Nc4 Nxc4 26. bxc4 Bg5 27. Qg3 Qd8
28. Rh1 Bf6 29. g5 Bxg5 30. h4 Bf6 31. Raf1 h5 32. Kh3 Bg7 33. Qg5 Qxg5 34.
hxg5 e4 35. Bxe4 Rxc4 36. Bd3 Rg4 37. Rhg1 Rxg1 38. Rxg1 Re8 39. e4 Bd4 40. Rf1
Re5 41. Rf6 Bc5 42. Kh4 Kg7 43. Rf3 Bb6 44. Rf6 Bc7 45. Rf2 Bd8 46. Rg2 Rxg5
47. Rxg5 Kh6 48. Kg3 Kxg5 49. Bf1 Bf6 50. Bd3 Be5+ 51. Kf3 Kh4 52. Bb5 g5 53.
Be8 g4+ 54. Kg2 f6 55. Bg6 Kg5 56. Bf7 h4 57. Be6 h3+ 58. Kh1 Kh4 59. Bf5 g3
0-1

[Event "Russian Championship B17 1st league 2016"]
[Site "Loo"]
[Date "2016.04.22"]
[Round "3.16"]
[White "Azimov, Ilyas"]
[Black "Maltsevskiy, Nikolay"]
[Result "1-0"]
[WhiteElo "2154"]
[BlackElo "1889"]
[PlyCount "77"]
[EventDate "2016.04.20"]

1. d4 Nf6 2. c4 g6 3. Nc3 Bg7 4. e4 d6 5. Nf3 O-O 6. Be2 e5 7. O-O Nc6 8. d5
Ne7 9. Ne1 Nd7 10. Be3 f5 11. f3 f4 12. Bf2 g5 13. g4 fxg3 14. hxg3 Ng6 15. Ng2
Nf6 16. Ne3 h5 17. Nf5 h4 18. g4 Bxf5 19. exf5 Nf4 20. Kh2 Qe7 21. Ne4 Rfd8 22.
Nxg5 Nxg4+ 23. fxg4 Qxg5 24. Be3 Qe7 25. Rg1 Bh6 26. g5 Bxg5 27. Qc2 Kh8 28.
Bh5 Rg8 29. Bg6 Bh6 30. Qe4 Qf6 31. Raf1 Raf8 32. Rg4 b6 33. Rfxf4 Bxf4+ 34.
Rxf4 Rxg6 35. fxg6 Qxf4+ 36. Bxf4 Rxf4 37. Qe2 Kg7 38. Qh5 Kf6 39. Qh7 1-0

[Event "Russian Championship B17 1st league 2016"]
[Site "Loo"]
[Date "2016.04.22"]
[Round "3.17"]
[White "Tokmashov, Maxim"]
[Black "Kuzmin, Ivan"]
[Result "1-0"]
[WhiteElo "2145"]
[BlackElo "1858"]
[PlyCount "107"]
[EventDate "2016.04.20"]

1. Nf3 c5 2. g3 Nc6 3. Bg2 g6 4. O-O Bg7 5. c3 e5 6. e4 Nge7 7. d3 O-O 8. Nbd2
b6 9. Re1 Ba6 10. Nc4 b5 11. Ne3 d6 12. h4 Bc8 13. Nf1 a5 14. Be3 Qb6 15. Qd2
b4 16. Rad1 Rb8 17. Bh6 bxc3 18. bxc3 Qb2 19. Bxg7 Qxd2 20. Rxd2 Kxg7 21. d4
cxd4 22. cxd4 Rb4 23. Red1 Bg4 24. N1h2 Bxf3 25. Nxf3 Rfb8 26. Bf1 Rb2 27. d5
Nd8 28. Rc1 R2b4 29. Rc7 R8b7 30. Rdc2 Rxc7 31. Rxc7 Rb7 32. Rc3 f5 33. Ra3 Ra7
34. Nd2 Nb7 35. f3 a4 36. Nc4 fxe4 37. fxe4 Nc8 38. Bh3 Ne7 39. Kf2 g5 40. hxg5
Kg6 41. Ke3 Ra6 42. Bd7 Kxg5 43. Rxa4 Rxa4 44. Bxa4 Kf6 45. Bc6 Nd8 46. Bd7 Nb7
47. Bc6 Nd8 48. Bb5 Nb7 49. a4 Nc5 50. Nxd6 Nb3 51. Ne8+ Kf7 52. d6 Ng6 53. Nc7
Kf6 54. Nd5+ 1-0